000 00579nam a2200217Ia 4500
003 OSt
005 20250215115459.0
008 210210b1966 xxu||||| |||| 00| 0 eng d
040 _cAL
041 _ahin
082 _a861/189
100 _aTHARAKNATH:
_9200000
110 _bतारकनाथ
_9200001
245 _aKabir sakhi sar:
_bकाभिर सकी सार
260 _aAgra
_bVinod Pustak Mandir
_c1966
690 _aHindi Poetry
_9200002
700 _aVASHIST
_9200003
710 _bवशिष्ट
_9200004
906 _a023209
942 _2ddc
_cBK
999 _c148139
_d148139